| 000 | 00493nam a22001697a 4500 | ||
|---|---|---|---|
| 005 | 20240109064116.0 | ||
| 008 | 231026b |||||||| |||| 00| 0 eng d | ||
| 020 | _a0620096195 | ||
| 041 | _aEnglish | ||
| 082 | _a346.7 MOR | ||
| 100 |
_aMorgan, S _lEnglish |
||
| 245 |
_aA guide to the law on cheques / _cS Morgan |
||
| 260 |
_aPinetown : _bArena Publications, _c1986 |
||
| 300 |
_bxiii, 89 pages ; _c19 cm. |
||
| 650 |
_aLegal practice _bLaw |
||
| 942 |
_cBK _6ALISON_BN_VRIES |
||
| 999 |
_c91 _d91 |
||